000 00598nam a22001817a 4500
003 UA-OsUOA
001 8224
007 ta
008 20040819b un ||||| |||| 00| 0 ukr d
100 _aВербич С.
942 _cSA
040 _aUA-OsUOA
_cUA-OsUOA
_dUA-OsUOA
245 _aУкраїнські власні особові назви з " непрозорою " мотивацією : структура, семантика, етимологія
300 _aС.20-24
955 _a0
773 0 _w0
_tМовознавство
_dКиїв
_d2004
_g№2/3
650 7 _aЕтимологія
_2UDC
999 _c294385
_d294385